LIBRARY & INFORMATION CENTRE, KCAET, TAVANUR

ONLINE PUBLIC ACCESS CATALOGUE (OPAC)

Normal view MARC view
  • Dayaratnam, P

Entry Personal Name

Number of records used in: 3

001 - CONTROL NUMBER

  • control field: 7548

003 - CONTROL NUMBER IDENTIFIER

  • control field: OSt

005 - DATE AND TIME OF LATEST TRANSACTION

  • control field: 20250610114510.0

008 - FIXED-LENGTH DATA ELEMENTS

  • fixed length control field: 250610|| aca||aabn | a|a d

040 ## - CATALOGING SOURCE

  • Original cataloging agency: OSt
  • Transcribing agency: OSt

100 ## - HEADING--PERSONAL NAME

  • Personal name: Dayaratnam, P

670 ## - SOURCE DATA FOUND

  • Source citation: Work cat.: (OSt)10271: Dayaratnam, P ., Structural engineering through objective questions / , 1989.
free website counter